000 00345nam a2200145Ia 4500
008 230312s9999||||xx |||||||||||||| ||und||
020 _a0-471-48666-3
082 _a005.133
_bEBE-J
100 _aFries;Bruce
245 0 _aDigital Audio Essentials
260 _bWiley
_aUSA
_c2002
300 _a493
650 _aComputer
_vComputer
942 _cBK
999 _c15429
_d15429